Часосховище (Запис № 580144)

МАРК-запис
000 -Лідер
fixed length control field 02237 a2200241 4500
003 - Ідентифікатор контрольного номера
control field UA-OsUOA
005 - Дата та час останнього входження (трансакції)
control field 20260320151807.0
008 - Елементи даних фіксованої довжини – загальна інформація
fixed length control field 260320b un ||||| |||| 00| 0 ukr d
020 ## - Міжнародний стандартний книжковий номер (ISBN)
Міжнародний стандартний книжковий номер (ISBN) (НП) 9786176146667
040 ## - Джерело каталогізації
Мова каталогізації ukr
Агенція, яка здійснювала перезапис UA-OsUOA
080 ## - Індекс Універсальної десяткової класифікації
Індекс Універсальної десяткової класифікації (УДК) (НП) 821.161.2-31(497.2)
090 ## - Локальний шифр розміщення
Класифікаційний індекс УДК 821.161.2-31(497.2)
Авторський знак (НП) Ґ72
100 ## - Основне введення – ім’я особи
Ім’я особи (НП) Ґосподінов Ґ.
9 (RLIN) 24564
245 ## - Відомості про назву
Назва (НП) Часосховище
Решта назви (НП) роман
Дані про відповідальність (НП) Ґеоргі Ґосподінов ; пер. з бол. Остап Славинський
250 ## - Відомості про видання (редакцію)
Відомості про видання (редакцію) (НП) вид. 3-тє
260 ## - Публікація, розповсюдження і т.п. (Вихідні дані)
Місце публікації, розповсюдження і т.п. (П) Чернівці
Ім’я/ наймення видавництва, розповсюджувача і т.п. (П) Книги–ХХІ
Дата публікації, розповсюдження і т.п. (П) 2024
300 ## - Фізичний опис
Обсяг 360 с.
520 ## - Резюме і т.п.
Резюме, реферат, анотація, тощо (НП) Загадковий психіатр на ім’я Ґаустін відкриває клініку, у якій успішно лікує пацієнтів із хворобою Альцгаймера, повертаючи їх у щасливі часи їхнього минулого. Хто цей Ґаустін — реальна постать, «альтереґо» оповідача чи привид, що заблукав між часами? Ми не знаємо. Зате знаємо інше: невдовзі його людинолюбна ідея призведе до низки масштабних і непередбачуваних подій на цілому європейському континенті. «Часосховище» — нагороджений міжнародною Букерівською премією роман одного з найяскравіших сучасних болгарських письменників Ґеорґі Ґосподінова — це пронизлива, вигадлива й напружена оповідь про старіння і проживання власної скінченності, про невловність часу й темний, демонічний бік ностальгії за минулим.
650 ## - Додаткове предметне введення – тематичний термін
Тематичний термін чи географічна назва, як елемент введення (НП) 821 Художня література окремими мовами і мовними сім'ями
9 (RLIN) 17
942 ## - Додаткові елементи входу (Коха)
Тип елемента Koha Книги
Source of classification or shelving scheme Universal Decimal Classification
955 ## - Код типу видання за змістом
Код типу видання за змістом (НП) Літературно-художні видання
Фонди
Стан вилучень Стан втрат Джерело класифікації або схеми стелажів Стан уражень Не для кредиту Постійне місце розташування Поточне розміщення Дата придбання Джерело придбання Вартість, звичайна ціна покупки Усього замовленно Повний номер виклику Штрих-код Дата останнього перегляду Вартість, ціна заміни Ціна ефективна від Тип елемента Koha
    Universal Decimal Classification     АБ - Абонемент НБ АБ - Абонемент НБ 20/03/2026 №13/18.03.2026 450.00   821.161.2-31(497.2) Ґ72 169607 20/03/2026 450.00 20/03/2026 Книги